Graphics Design Agencies. Com (Record no. 234375)

MARC details
000 -LEADER
fixed length control field 00357pam a2200145 a 4500
020 ## - INTERNATIONAL STANDARD BOOK NUMBER
Terms of availability
041 ## - LANGUAGE CODE
Language code of original
082 ## - DEWEY DECIMAL CLASSIFICATION NUMBER
Classification number 741.67
Item number ACA
245 ## - TITLE STATEMENT
Title Graphics Design Agencies. Com
Remainder of title Graphics Design Agencies. Com
Medium Textual Documents
250 ## - EDITION STATEMENT
Edition statement 1999.
260 ## - PUBLICATION, DISTRIBUTION, ETC.
Place of publication, distribution, etc. [s.l]:
Name of publisher, distributor, etc. Graphic Inc
300 ## - PHYSICAL DESCRIPTION
Extent 217:
Other physical details Hard.
700 ## - ADDED ENTRY--PERSONAL NAME
Personal name B. Martin Pedersen.
930 ## - EQUIVALENCE OR CROSS-REFERENCE-UNIFORM TITLE HEADING [LOCAL, CANADA]
Uniform title 585
Holdings
Withdrawn status Lost status Damaged status Not for loan Collection Home library Current library Date acquired Source of acquisition Cost, normal purchase price Total Checkouts Full call number Barcode Date last seen Copy number Price effective from Koha item type
          College of Fine Arts, Pune College of Fine Arts, Pune 25/05/2004 Chandrakant Book Distributors Mumbai 3360.00   741.67 ACA FAP-585 07/03/2023 1 07/03/2023 Book